How to make better choices in life and work : decisive
| Main Author: | |
|---|---|
| Format: | Book |
| Published: |
Ne York :
Random House Books ,
2013
|
| Subjects: |
MARC
| LEADER | 00000cam a2200000 7i4500 | ||
|---|---|---|---|
| 001 | 0000004128 | ||
| 005 | 20180330.0 | ||
| 020 | 0 | 0 | |a 9781847940858 |
| 090 | 0 | 0 | |a 158.1 |b DEC 2013 |
| 100 | 1 | 0 | |a Chip & Dan Heath |
| 245 | 1 | 0 | |a How to make better choices in life and work : |b decisive |c Chip & Dan Heath. |
| 260 | 0 | 0 | |a Ne York : |b Random House Books , |c 2013 |
| 300 | |a 316p. : |b ill. ; |c 23 cm. | ||
| 500 | 0 | 0 | |a Included index |
| 650 | 0 | 0 | |a Choice--Psychology |
| 650 | 0 | 0 | |a Self efficacy |
| 999 | |a 007993 |b Monograph |c Open Shelf |e Default branch | ||